00678 2200253 4500001002100000005001500021035002000036007000300056008004100059100002100100245005000121250001400171300003200185020002200217082001100239084001700250090002200267260003300289850001000322700003300332600002200365600002100387990001600408INLIS00000000000354820260530121206 a0010-0621000080ta260530 0 0 aBrooks, Felicity1 aPemahaman Laut dan Samudra /cFelicity Brooks a--Cet. 1. a64 hlm. :billus. ;c25 cm. a978-979-534-631-9 a551.46 a551.46 BRO p a551.489 ADY b17-1 a--Bandung :bUsborne,c2009. aPUPAD0 aPenyunting bahasa: Rudiyanto 4aLaut ddan samudra 4aseas and oceands a00000040974